বাংলাদেশে ফলের চাষ / (Record no. 71293)
[ view plain ]
| 000 -LEADER | |
|---|---|
| fixed length control field | 00971nam a2200253 a 4500 |
| 001 - CONTROL NUMBER | |
| control field | 71293 |
| 003 - CONTROL NUMBER IDENTIFIER | |
| rucl marc code | BD-RjUL |
| 005 - DATE AND TIME OF LATEST TRANSACTION | |
| control field | 20211209082110.0 |
| 008 - FIXED-LENGTH DATA ELEMENTS--GENERAL INFORMATION | |
| fixed length control field | 170430s1988 bg a|||| |||| 001 0 ben d |
| 020 ## - INTERNATIONAL STANDARD BOOK NUMBER | |
| Terms of availability | : TK. 130.00 |
| 035 ## - SYSTEM CONTROL NUMBER | |
| System control number | (BD-RjUL)71509 |
| 040 ## - CATALOGING SOURCE | |
| Original cataloging agency | BD-RjUL |
| Language of cataloging | ben |
| Transcribing agency | BD-RjUL |
| Modifying agency | BD-RjUL |
| 041 ## - LANGUAGE CODE | |
| Language code of text/sound track or separate title | ben |
| 082 ## - DEWEY DECIMAL CLASSIFICATION NUMBER | |
| Edition number | 23 |
| Classification number | 634.88095492 |
| Author mark and year | MAB 1988 |
| 100 1# - MAIN ENTRY--PERSONAL NAME | |
| Personal name | মনিরুজ্জামান, এফ. এম. |
| 9 (RLIN) | 210956 |
| 245 10 - TITLE STATEMENT | |
| Title | বাংলাদেশে ফলের চাষ / |
| Statement of responsibility, etc. | এফ. এম. মনিরুজ্জামান |
| 250 ## - EDITION STATEMENT | |
| Edition statement | ১ম সং. |
| 260 ## - PUBLICATION, DISTRIBUTION, ETC. (IMPRINT) | |
| Place of publication, distribution, etc. | ঢাকা : |
| Name of publisher, distributor, etc. | বাংলা একাডেমী, |
| Date of publication, distribution, etc. | ১৯৮৮. |
| 300 ## - PHYSICAL DESCRIPTION | |
| Pagination | ৩৮৪ পৃ. : |
| Illustrations | চিত্র ; |
| Size | ২৪ সেমি. |
| 500 ## - GENERAL NOTE | |
| General note | নির্ঘন্ট সংযুক্ত. |
| 650 ## - SUBJECT ADDED ENTRY--TOPICAL TERM | |
| Topical term or geographic name as entry element | ফলের-সংস্কৃতি। |
| Geographic subdivision | বাংলাদেশ |
| 9 (RLIN) | 210957 |
| Topical term or geographic name as entry element | Fruit-culture. |
| Geographic subdivision | Bangladesh |
| 9 (RLIN) | 210958 |
| 942 ## - ADDED ENTRY ELEMENTS (KOHA) | |
| Source of classification or shelving scheme | Dewey Decimal Classification |
| Koha item type | Books |
| Lost status | Source of classification or shelving scheme | Damaged status | Not for loan | Collection code | Permanent Location | Current Location | Shelving location | Date acquired | Source of acquisition | Cost, normal purchase price | Total Checkouts | Full call number | Date last seen | Copy number | Koha item type |
|---|---|---|---|---|---|---|---|---|---|---|---|---|---|---|---|
| Dewey Decimal Classification | Not For Loan | Non-fiction | Central Library, University of Rajshahi | Central Library, University of Rajshahi | Reading Room | 09/12/2021 | Bangla Academi, Dhaka | 130.00 | B 634.88095492 MAB 1988 | 30/04/2017 | C-1 | Books | |||
| Dewey Decimal Classification | Non-fiction | Central Library, University of Rajshahi | Central Library, University of Rajshahi | 14/10/1992 | Bangla ekademy, Dhaka | 130.00 | B 634.88095492 MAB 1988 | 02/07/2018 | C-2 | Books |